01726nam a2200445 i 4500001000700000003000800007005001700015006001900032007001500051008004100066020001800107020002700125035002300152035002400175035002200199040003100221050002200252080002100274082001900295100003000314245014300344264005900487300004100546336003100587337003300618338004300651490001700694504002900711588012600740590016400866650004401030650001201074650002401086650002501110655002701135797001901162830001801181856006201199999001901261101057FlNmELB20241217173113.0m o d | cr cnu||||||||180815s2016 mx ob 000 0 spa d z9786079426422 a9781512951820 (e-book) a(MiAaPQ)EBC5426077 a(Au-PeEL)EBL5426077 a(OCoLC)1105879867 aFINmELBbspaerdacFINmELB 4aPQ7197bF634 2016 a821.134.2(72)-310 a863.0099722231 aFlores Barrera, Adrián.10aMás allá de la Onda :bdesmitificación y melancolía mexicana en la novela La tumba de José Agustín /cAdrián Flores Barrera. 1aMéxico, D.F. :bEdiciones y Gráficos Eón,c2016. a1 recurso en línea (132 páginas) atextobtxt2rdacontent/spa acomputadorabc2rdamedia/spa arecurso en líneabcr2rdacarrier/spa1 aEón Ensayo aContiene bibliografía. aDescripción basada en recurso en línea; Título de la página del título en PDF (e-libro, visto August 15, 2018). aRecurso electrónico. Santa Fe, Arg.: e-libro, 2018. Disponible vía World Wide Web. El acceso puede estar limitado para las bibliotecas afiliadas a e-libro. 0aMexican fictionxHistory and criticism. 4aNovela. 4aHistoria literaria. 4aCrítica literaria. 4aLibros electrónicos.2 ae-libro, Corp. 0aEón Ensayo.40uhttps://elibro.net/ereader/politecnicointernacional/41120 c101057d101057